[Event "5th Amplico AIG Life"]
[Site "Warsaw POL"]
[Date "2005.12.17"]
[Round "4"]
[White "Sergeev,Vl"]
[Black "Jussupow,Ar"]
[Result "0-1"]
[WhiteElo "2436"]
[BlackElo "2595"]

1.d4 Nf6 2.Nf3 e6 3.Bg5 h6 4.Bh4 c5 5.e3 b6 6.Nbd2 Bb7 7.Bd3 Be7 8.O-O d6
9.c3 Nbd7 10.a4 a6 11.b4 cxb4 12.cxb4 O-O 13.Qb3 Rc8 14.Rfc1 Rc7 15.Qb2 Rxc1+
16.Rxc1 Qa8 17.h3 Rc8 18.Rxc8+ Qxc8 19.Bg3 Qc7 20.Kf1 Nd5 21.Nc4 b5 22.axb5 axb5
23.Na3 Ba6 24.Bxb5 Bxb5+ 25.Nxb5 Qc4+ 26.Qe2 Qxb4 27.Kg1 N7f6 28.Qd3 Nb6
29.Nc3 d5 30.Qb5 Qxb5 31.Nxb5 Ne4 32.Bc7 Nc4 33.Ne5 f6 34.Nd3 Kf7 35.g4 Ke8
36.h4 Kd7 37.Bh2 g5 38.hxg5 hxg5 39.f3 Ned2 40.Kf2 Nb1 41.Bg3 Nb6 42.Bh2 Na4
43.Bg3 Nd2 44.Ke2 Nc4 45.e4 Bd8 46.exd5 exd5 47.Nb4 Ncb6 48.Nd3 Be7 49.f4 gxf4
50.Bxf4 Nc4 51.Bg3 Bf8 52.Bf4 Kc6 53.Na7+ Kb6 54.g5 fxg5 55.Bxg5 Kxa7 56.Nf4 Ncb6
57.Bf6 Kb7 58.Ne6 Bd6 59.Kd3 Kc6 60.Bg7 Kd7 61.Ng5 Bf4 62.Nf3 Ke6 63.Be5 Bh6
64.Bh8 Nc4 65.Be5 Nxe5+ 66.Nxe5 Nb6 67.Nc6 Bf8 68.Ne5 Bd6 69.Ng4 Bf4 70.Nf2 Nc4
71.Nd1 Bd2 72.Nf2 Kf5 73.Nh3 Be3  0-1

[Event "5th Amplico AIG Life Places 13-16"]
[Site "Warsaw POL"]
[Date "2005.12.18"]
[Round "1"]
[White "Jaracz,P"]
[Black "Jussupow,Ar"]
[Result "0-1"]
[WhiteElo "2492"]
[BlackElo "2595"]

1.e4 e6 2.d4 d5 3.Nd2 c5 4.exd5 exd5 5.Ngf3 Nc6 6.Bb5 Bd6 7.dxc5 Bxc5 8.O-O Ne7
9.Nb3 Bd6 10.c3 O-O 11.Bd3 h6 12.h3 Nf5 13.Bc2 Re8 14.Qd3 g6 15.Qd1 Bf8 16.Bxf5 Bxf5
17.Nfd4 Bd7 18.Nxc6 bxc6 19.Be3 a5 20.Bc5 a4 21.Bxf8 axb3 22.Bxh6 Qh4 23.Qd2 bxa2
24.b3 Bf5 25.Bg5 Qh5 26.Be3 Bb1 27.Bd4 Re6 28.Qf4 Rae8 29.Kh2 g5 30.Qc7 g4
31.Qf4 Rg6 32.Rg1 Qh6 33.Qxh6 Rxh6 34.Raxb1 gxh3 35.g3 Kh7 36.b4 Rb8 37.Ra1 Kg6
38.g4 Rc8 39.Kh1 Rg8 40.Kh2  0-1

[Event "14th Bieze"]
[Site "Arnhem NED"]
[Date "2006.01.07"]
[Round "6"]
[White "Jussupow,Ar"]
[Black "Fridman,D2"]
[Result "1/2-1/2"]
[WhiteElo "2595"]
[BlackElo "2564"]

1.d4 d5 2.Nf3 Nf6 3.e3 Bg4 4.c4 c6 5.cxd5 Bxf3 6.Qxf3 cxd5 7.Nc3 Nc6 8.Bd3 e6
9.O-O Be7 10.Qh3 O-O 11.Bd2 g6 12.Rac1 Rc8 13.f4 Na5 14.Rc2 Nc4 15.Be1 h5
16.Qf3 Ng4 17.Bxc4 Rxc4 18.h3 Nf6 19.g4 Kg7 20.Rg2 Rh8 21.f5 hxg4 22.hxg4 Nh7
23.f6+ Bxf6 24.g5 Nxg5 25.Rxg5 Rxd4 26.Rg2 Rc4 27.Bg3  1/2-1/2

[Event "14th Bieze"]
[Site "Arnhem NED"]
[Date "2006.01.07"]
[Round "7"]
[White "Stellwagen,D"]
[Black "Jussupow,Ar"]
[Result "1/2-1/2"]
[WhiteElo "2561"]
[BlackElo "2595"]

1.e4 e5 2.Nf3 Nf6 3.Nxe5 d6 4.Nf3 Nxe4 5.d4 d5 6.Bd3 Nc6 7.O-O Bg4 8.c4 Be7
9.Nc3 Nxc3 10.bxc3 dxc4 11.Bxc4 O-O 12.Rb1 Na5 13.Bd3 c6 14.Re1 b5 15.Qe2 Bd6
16.Qe4 f5 17.Qe6+ Kh8 18.Ne5 Bh5 19.Bxf5 Bxe5 20.dxe5 Rxf5 21.Qxf5 Bg6 22.Qg4 Bxb1
23.Bg5 Qd3 24.Qb4 Bxa2 25.Qxa5 Bd5 26.Bf4 Qg6 27.Bg3 h5 28.h4 Qf7 29.Qa6 Re8
30.Kh2 Re7 31.Qa5 Kh7 32.Re3 Re6  1/2-1/2

[Event "NH Hotels"]
[Site "Amsterdam NED"]
[Date "2006.08.21"]
[Round "3"]
[White "Carlsen,M"]
[Black "Jussupow,Ar"]
[Result "1/2-1/2"]
[WhiteElo "2675"]
[BlackElo "2617"]

1.e4 e6 2.d4 d5 3.Nd2 c5 4.Ngf3 Nc6 5.exd5 exd5 6.Bb5 Bd6 7.dxc5 Bxc5 8.Nb3 Bd6
9.O-O Ne7 10.Re1 O-O 11.Bd3 h6 12.h3 Nf5 13.c3 Qf6 14.Bc2 Rd8 15.Qd3 g6 16.Bd2 a5
17.Be3 Nxe3 18.Rxe3 Bf5 19.Qd1 Be4 20.a4 Bf4 21.Re1 Bc7 22.Nbd4 Bxf3 23.Qxf3 Qxf3
24.Nxf3 Bb6 25.Rad1 Rd6 26.Rd2 Rad8 27.Red1 Bc5 28.Kf1 d4 29.Be4 dxc3 30.bxc3 Rxd2
31.Rxd2 Rxd2 32.Nxd2 Nd8 33.Nb3 Bb6 34.Ke2 Kf8 35.f3 Ne6 36.Bxb7 Nc5 37.Nxc5 Bxc5
38.Kd3 Ke7 39.Kc4 Kd6 40.Bd5 f6 41.Be4 g5 42.Kb5 h5 43.Kxa5 h4 44.Kb5 Bg1
45.a5 Bf2 46.a6 Ba7 47.f4 gxf4 48.Kc4 Ke5 49.Bf3 Bg1 50.Kd3 Ba7 51.Bb7 Bb6
52.Ke2 Ba7 53.Kf3 f5 54.Ke2 Bb6 55.Kd3 Ba7 56.Kc4 Kd6 57.Bf3 Bg1 58.Kb5 Ba7
59.Bh5 Be3 60.Bg6 f3 61.gxf3 f4 62.Be4 Ba7 63.c4 Bg1 64.a7 Bxa7 65.Ka6 Bc5
66.Kb7 Bd4 67.Kc8 Bb6 68.Bd5 Ba5 69.Be4 Bb6  1/2-1/2

[Event "3rd Rapid Open"]
[Site "Ajaccio FRA"]
[Date "2006.10.30"]
[Round "5"]
[White "Naiditsch,A"]
[Black "Jussupow,Ar"]
[Result "1-0"]
[WhiteElo "2676"]
[BlackElo "2600"]

1.e4 e6 2.d4 d5 3.Nd2 c5 4.Ngf3 Nc6 5.exd5 exd5 6.Bb5 Bd6 7.O-O cxd4 8.Nb3 Ne7
9.Nbxd4 O-O 10.Bg5 Qc7 11.h3 a6 12.Bd3 h6 13.Be3 Bd7 14.c3 Rae8 15.Nxc6 bxc6
16.Bxa6 Nf5 17.Bc1 Qb6 18.Bd3 Ng3 19.Re1 Bc5 20.Nd4 Bxd4 21.cxd4 Rxe1+ 22.Qxe1 Qxd4
23.Qe3 Nf5 24.Qxd4 Nxd4 25.Be3 Ne6 26.b4 Ra8 27.a3 g5 28.h4 Kf8 29.hxg5 hxg5
30.Bf5 f6 31.a4 Kf7 32.a5 Nf8 33.Bd3 Ne6 34.Bb6 Nf4 35.Bf1 Bf5 36.Rc1 Nd3
37.Bxd3 Bxd3 38.Rxc6 f5 39.Bd4 f4 40.f3 Bc4 41.Rf6+ Ke7 42.Rg6 Rb8 43.a6 Kf7
44.a7  1-0

[Event "Aeroflot Open"]
[Site "Moscow RUS"]
[Date "2007.02.14"]
[Round "1"]
[White "Kosintseva,T"]
[Black "Jussupow,Ar"]
[Result "1/2-1/2"]
[WhiteElo "2474"]
[BlackElo "2599"]

1.e4 e5 2.Nf3 Nc6 3.Bb5 g6 4.O-O Bg7 5.c3 a6 6.Ba4 d6 7.d4 Bd7 8.d5 Nce7
9.Bxd7+ Qxd7 10.c4 h6 11.Nc3 f5 12.b4 Nf6 13.Nd2 a5 14.bxa5 Rxa5 15.a4 O-O
16.Ba3 b6 17.Bb4 Raa8 18.f3 h5 19.Nb5 Bh6 20.Qe2 Kh7 21.Ra3 Rf7 22.Rfa1 Raf8
23.a5 bxa5 24.Rxa5 fxe4 25.Nxe4 Nxe4 26.Qxe4 Rf4 27.Qe2 e4 28.fxe4 Rf2 29.Qxf2 Rxf2
30.Kxf2 Qg4 31.Re1 Qh4+ 32.Kg1 Bf4 33.h3 Qg3 34.Ra3 Qh2+ 35.Kf2 g5 36.Nd4 g4
37.Ne6 Ng6 38.Rf1 Be5 39.hxg4 Nh4 40.Rg1 hxg4 41.Kf1 Ng6 42.Bd2 Nf4 43.Bxf4 Bxf4
44.Kf2 Kg6 45.Rf1 Bh6 46.Re1 Bd2 47.Re2 Bc1 48.Rc3 Qh4+ 49.Rg3 Ba3 50.e5 Kf5
51.Nd4+ Kf4 52.Ne6+ Kf5 53.Nd4+ Kf4 54.Ne6+ Kf5 55.Re3 Bb2 56.Re2 Ba3 57.Nd4+ Kf4
58.Re3 Bb2  1/2-1/2

[Event "ch-Euro Blitz"]
[Site "Ajaccio FRA"]
[Date "2007.10.25"]
[Round "21"]
[White "Levacic,D"]
[Black "Jussupow,Ar"]
[Result "0-1"]
[WhiteElo "2253"]
[BlackElo "2583"]

1.d4 e6 2.c4 f5 3.g3 Nf6 4.Bg2 d5 5.Nf3 c6 6.Qc2 Bd6 7.O-O O-O 8.Bf4 Bxf4
9.gxf4 Nbd7 10.e3 Qe7 11.Nbd2 Kh8 12.Kh1 Ne4 13.cxd5 exd5 14.Ne5 Ndf6 15.Ndf3 Nd6
16.b4 Nfe4 17.a4 a6 18.Rab1 Be6 19.Ne1 Qh4 20.Kg1 Rf6 21.f3 Rh6 22.fxe4 Qxh2+
23.Kf2 fxe4 24.Rh1 Qxh1 25.Bxh1  0-1

[Event "ch-Euro Blitz"]
[Site "Ajaccio FRA"]
[Date "2007.10.25"]
[Round "22"]
[White "Jussupow,Ar"]
[Black "Levacic,D"]
[Result "1-0"]
[WhiteElo "2583"]
[BlackElo "2253"]

1.d4 Nf6 2.Nf3 e6 3.e3 b6 4.Bd3 Bb7 5.O-O Be7 6.c4 Ne4 7.Nfd2 f5 8.Nxe4 fxe4
9.Bc2 O-O 10.Nc3 d5 11.f3 exf3 12.Rxf3 Bf6 13.Rh3 h6 14.Qg4 Kf7 15.b3 Nd7
16.Ba3 c5 17.Rf1 Ke7 18.cxd5 exd5 19.Rh5 Qc7 20.Nxd5+ Bxd5 21.Rxd5 Rad8 22.Qe4+ Kf7
23.Qg6+ Ke7 24.e4 Bxd4+ 25.Rxd4 Rxf1+ 26.Kxf1 Rf8+ 27.Ke2 Qf4 28.Qxg7+ Rf7
29.Rxd7+ Kxd7 30.Qg3 Qf1+ 31.Ke3 Kc6 32.Bd3 Qd1 33.e5 Kb7 34.Be4+ Ka6 35.Bd3+ Kb7
36.e6 Re7 37.Bc4 Qh5 38.Qf3+ Qxf3+ 39.gxf3 Kc6 40.Ke4 b5 41.Bd5+ Kd6 42.f4 b4
43.Bb2 Re8 44.f5 Rg8 45.Be5+ Ke7 46.f6+ Ke8  1-0

[Event "ch-Euro Blitz"]
[Site "Ajaccio FRA"]
[Date "2007.10.26"]
[Round "28"]
[White "Jussupow,Ar"]
[Black "Mchedlishvili,M"]
[Result "1-0"]
[WhiteElo "2583"]
[BlackElo "2631"]

1.d4 d5 2.Nf3 Nf6 3.e3 c6 4.c4 Bf5 5.Nc3 e6 6.Nh4 Be4 7.f3 Bg6 8.g3 Nbd7
9.Bd2 Be7 10.Rc1 Bh5 11.Ng2 O-O 12.Nf4 Bd6 13.Nxh5 Nxh5 14.f4 g6 15.c5 Bc7
16.b4 f6 17.Be2 Ng7 18.b5 Ba5 19.bxc6 bxc6 20.Qa4 Rc8 21.O-O Nf5 22.Ba6 Bxc3
23.Rxc3 Rb8 24.Qxc6 Rb2 25.Qxe6+ Kh8 26.Bc1 Rxa2 27.Bb5 Nb8 28.c6 Qa5 29.Rc5 Qb4
30.c7 Nxd4 31.exd4 Qxd4+ 32.Kh1 Qxc5 33.cxb8=Q Rxb8 34.Qxf6+ Kg8 35.Bd7 Ra8  1-0

[Event "7th Amplico AIG Life"]
[Site "Warsaw POL"]
[Date "2007.12.15"]
[Round "2"]
[White "Jussupow,Ar"]
[Black "Kaliszewski,T"]
[Result "1-0"]
[WhiteElo "2583"]
[BlackElo "2163"]

1.d4 Nf6 2.Nf3 c5 3.e3 e6 4.Bd3 b6 5.O-O Bb7 6.c4 Be7 7.Nc3 O-O 8.d5 exd5
9.cxd5 d6 10.e4 Nbd7 11.h3 a6 12.a4 Re8 13.Bf4 Bf8 14.Re1 Rc8 15.Bc4 Qc7
16.Qd3 Ra8 17.Rad1 Nh5 18.Bh2 g6 19.e5 Nxe5 20.Bxe5 dxe5 21.d6 Qd7 22.Nxe5 Rxe5
23.Rxe5 Nf4 24.Qg3 Ne6 25.Ne4 Bg7 26.Rxe6 fxe6 27.Ng5 Re8 28.Bxe6+ Rxe6 29.Nxe6 Bxb2
30.Qb3 Qc6 31.Nxc5+ Kf8 32.Nxb7  1-0

[Event "7th Amplico AIG Life"]
[Site "Warsaw POL"]
[Date "2007.12.15"]
[Round "6"]
[White "Jussupow,Ar"]
[Black "Zinchenko,Ya"]
[Result "1/2-1/2"]
[WhiteElo "2583"]
[BlackElo "2491"]

1.d4 Nf6 2.Nf3 g6 3.Nc3 d5 4.Bf4 Bg7 5.e3 O-O 6.Ne5 Nbd7 7.h4 c6 8.Be2 h6
9.Qd2 Nxe5 10.Bxe5 Ne8 11.Bxg7 Kxg7 12.e4 dxe4 13.Nxe4 Nd6 14.Ng3 Nf5 15.O-O-O Qd5
16.c4 Qd8 17.Nxf5+ Bxf5 18.g4 Be6 19.f4 b5 20.d5 cxd5 21.cxd5 Qc8+ 22.Qc3+ Qxc3+
23.bxc3 Bd7 24.g5 Rfc8 25.Kb2 Rc5 26.gxh6+ Kxh6 27.h5 Kg7 28.hxg6 fxg6 29.Bd3 Rf8
30.Rde1 Rxd5 31.Rxe7+ Kf6 32.Rhh7 Rxd3 33.Rxd7 Rxd7 34.Rxd7 Rf7 35.Rd5 a6
36.Rd6+ Kg7 37.Rxa6 Rxf4 38.Rb6 Rf5 39.Kb3 g5 40.a4 bxa4+ 41.Kxa4 g4 42.Rb1 Kg6
43.c4 Kg5 44.Rc1 g3 45.c5 g2 46.Rg1 Rxc5  1/2-1/2

[Event "7th Amplico AIG Life"]
[Site "Warsaw POL"]
[Date "2007.12.15"]
[Round "7"]
[White "Rajlich,I"]
[Black "Jussupow,Ar"]
[Result "0-1"]
[WhiteElo "2411"]
[BlackElo "2583"]

1.d4 e6 2.c4 f5 3.Nc3 Nf6 4.Bg5 Bb4 5.e3 h6 6.Bh4 c5 7.a3 Bxc3+ 8.bxc3 Nc6
9.Bd3 O-O 10.Ne2 b6 11.g4 g5 12.Bg3 Nxg4 13.h4 Bb7 14.Kd2 Na5 15.hxg5 Bxh1
16.Qxh1 Nb3+ 17.Kc2 Nxa1+ 18.Kb2 hxg5 19.f3 Nf6 20.Qh6 Kf7 21.Qxg5 Rg8 22.Qh4 Rh8
23.Qg5 Nh5 24.Qxd8 Raxd8 25.Bd6 Rc8 26.d5 Rhg8 27.Kxa1 Rg2 28.Kb2 Rf2 29.f4 Ng3  0-1

[Event "7th Amplico AIG Life"]
[Site "Warsaw POL"]
[Date "2007.12.16"]
[Round "12"]
[White "Jussupow,Ar"]
[Black "Zawadzki,S"]
[Result "1-0"]
[WhiteElo "2583"]
[BlackElo "2415"]

1.d4 d5 2.c4 c6 3.e3 Nf6 4.Nc3 e6 5.b3 Be7 6.Bb2 O-O 7.Nf3 b6 8.Bd3 Bb7 9.O-O dxc4
10.bxc4 c5 11.Rc1 cxd4 12.exd4 Nc6 13.Qe2 Re8 14.Rfd1 g6 15.d5 exd5 16.Nxd5 Nxd5
17.cxd5 Bd6 18.dxc6 Rxe2 19.Bxe2 Bc8 20.Be5 Qe7 21.Rxd6 Bg4 22.c7 b5 23.Bxb5 Bxf3
24.c8=Q+  1-0

[Event "8th Amplico AIG Life Rapid"]
[Site "Warsaw POL"]
[Date "2008.12.20"]
[Round "4"]
[White "Sveshnikov,V"]
[Black "Jussupow,Ar"]
[Result "0-1"]
[WhiteElo "2386"]
[BlackElo "2570"]

1.e4 e6 2.d4 d5 3.exd5 exd5 4.Nf3 Bg4 5.h3 Bh5 6.Nc3 c6 7.Bd3 Bd6 8.O-O Ne7
9.Re1 Nd7 10.Bg5 f6 11.Bh4 Qc7 12.Qe2 O-O-O 13.g4 Bf7 14.Bg3 Bxg3 15.Qxe7 Rdf8
16.Bf5 Bd6 17.Qxd7+ Qxd7 18.Bxd7+ Kxd7 19.Ne2 h5 20.Ng3 hxg4 21.hxg4 Be6
22.Nh2 Rh4 23.Kg2 Bxg4 24.Nxg4 Rxg4 25.c3 f5 26.Kf3 Rf6 27.Rh1 Bxg3 28.fxg3 Rfg6
29.Rh3 a5 30.Re1 Re4 31.Rf1 Rge6 32.Rf2 a4 33.Rh8 Re8 34.Rh7 R8e7 35.Rh8 b5
36.Rf8 g6 37.Rf6 R4e6 38.Rf8 Re3+ 39.Kg2 Re2 40.Rg8 R7e6 41.Kf3 Rxf2+ 42.Kxf2 Ke7
43.b3 axb3 44.axb3 Kf6 45.Rc8 g5 46.Kf3 g4+ 47.Kf2 Kg5 48.Rg8+ Rg6 49.Rf8 Rh6
50.Rg8+ Kf6 51.Kg2 Kf7 52.Rc8 Rf6 53.Rc7+ Kg6 54.Rc8 Kg5 55.Rg8+ Rg6 56.Rf8 Re6
57.Kf2 b4 58.cxb4 Re4 59.Rc8 Rxd4 60.Rxc6 Rxb4 61.Rd6 Rb5 62.Kg2 f4 63.gxf4+ Kxf4
64.Kf2 g3+ 65.Kg2 Ke5 66.b4  0-1

[Event "8th Amplico AIG Life Rapid"]
[Site "Warsaw POL"]
[Date "2008.12.20"]
[Round "5"]
[White "Jussupow,Ar"]
[Black "Akesson,R"]
[Result "0-1"]
[WhiteElo "2570"]
[BlackElo "2484"]

1.d4 Nf6 2.Nf3 e6 3.e3 b6 4.Bd3 Bb7 5.O-O c5 6.c4 d6 7.Nc3 Nbd7 8.b3 Be7
9.Bb2 cxd4 10.exd4 O-O 11.Re1 Re8 12.h3 a6 13.Re3 Bf8 14.Ng5 g6 15.Qe2 Bh6
16.Rg3 e5 17.d5 Bxg5 18.Rxg5 Nxd5 19.Rg3 Nf4 20.Qd2 Nc5 21.Bc2 Qe7 22.Re1 Rad8
23.b4 Nce6 24.Nd5 Nxd5 25.cxd5 Nf4 26.Bb3 Rc8 27.a4 Qf6 28.Rf3 Qg5 29.Rxf4 Qxf4
30.Re3 Rc7 31.g3 Qf5 32.Kg2 Rec8 33.Re2 a5 34.bxa5 bxa5 35.Qxa5 Rc5 36.Qd2 Qe6
37.Ba3 Bxd5+ 38.Bxd5 Qxd5+ 39.Qxd5 Rxd5  0-1

[Event "8th Amplico AIG Life Rapid"]
[Site "Warsaw POL"]
[Date "2008.12.20"]
[Round "7"]
[White "Jussupow,Ar"]
[Black "Samolins,V"]
[Result "1-0"]
[WhiteElo "2570"]
[BlackElo "2444"]

1.d4 f5 2.g3 Nf6 3.Bg2 d6 4.d5 g6 5.c4 Bg7 6.Nc3 c6 7.Nh3 e5 8.dxe6 Bxe6
9.Bf4 Bxc4 10.Bxd6 Nd5 11.Qa4 Qxd6 12.Qxc4 Nxc3 13.bxc3 Nd7 14.O-O Nb6 15.Qb3 O-O-O
16.Ng5 Qf6 17.Nf7 Qxc3 18.Qe6+ Kb8 19.Nxh8 Bxh8 20.Rad1 Rc8 21.Rd3 Qe5 22.Qf7 Qg7
23.Qxg7 Bxg7 24.Rfd1 c5 25.Re3 c4 26.Re7 Rc7 27.Re8+ Rc8 28.Rxc8+ Kxc8 29.e4 fxe4
30.Bxe4 Na4 31.Rb1 Nc5 32.Bd5 c3 33.Kf1 Bh6 34.f4 Kc7 35.Ke2 Bg7 36.Bg8 h6
37.Bh7 g5 38.fxg5 hxg5 39.Rf1 Bd4 40.Rf5 Kd6 41.Rxg5 b5 42.Rg8 a5 43.Rd8+ Ke5
44.Bc2 b4 45.Ra8  1-0

[Event "World Open"]
[Site "Leon ESP"]
[Date "2008.12.27"]
[Round "6"]
[White "Jussupow,Ar"]
[Black "Gomez Esteban,J"]
[Result "1-0"]
[WhiteElo "2570"]
[BlackElo "2498"]

1.d4 Nf6 2.Nf3 d5 3.e3 c5 4.c3 Nbd7 5.Nbd2 Qc7 6.Bd3 e5 7.e4 cxd4 8.cxd4 dxe4
9.Nxe4 Nxe4 10.Bxe4 Nf6 11.Bc2 e4 12.Ne5 Bb4+ 13.Bd2 Bxd2+ 14.Qxd2 O-O 15.Bb3 Qd6
16.Nc4 Qa6 17.Ne3 Be6 18.d5 Bd7 19.Bc4 Qd6 20.Be2 Rfd8 21.Rd1 Rac8 22.O-O h6
23.Qd4 Qc5 24.Rd2 Qxd4 25.Rxd4 Rc5 26.Rfd1 Rdc8  1-0

[Event "World Open"]
[Site "Leon ESP"]
[Date "2008.12.28"]
[Round "8"]
[White "Jussupow,Ar"]
[Black "Strikovic,A"]
[Result "1-0"]
[WhiteElo "2570"]
[BlackElo "2533"]

1.d4 d6 2.g3 e5 3.dxe5 dxe5 4.Qxd8+ Kxd8 5.Nc3 c6 6.f4 Nd7 7.Nf3 exf4 8.Bxf4 Ngf6
9.O-O-O Bb4 10.Ng5 Ke7 11.Bg2 h6 12.Nge4 Nxe4 13.Nxe4 Nf6 14.Nxf6 Kxf6 15.Rhf1 Ke7
16.a3 Bc5 17.b4 Bb6 18.Bd6+ Ke8 19.Kb2 Be6 20.b5 Rc8 21.bxc6 bxc6 22.e4 Bc7
23.e5 Bxd6 24.Rxd6 c5 25.Rf4 Rb8+ 26.Kc3 Rb6 27.Rxb6 axb6 28.Ra4  1-0

[Event "13th OIBM"]
[Site "Bad Wiessee GER"]
[Date "2009.11.07"]
[Round "9"]
[White "Grant,J"]
[Black "Jussupow,Ar"]
[Result "1/2-1/2"]
[WhiteElo "2249"]
[BlackElo "2566"]

1.c4 e6 2.g3 d5 3.d4 Nf6 4.Nf3 Bb4+ 5.Bd2 Be7 6.Bg2 O-O 7.O-O c6 8.Qc2 Nbd7
9.Rd1 b6 10.Bf4 Bb7 11.Nc3 Nh5 12.Bc1 f5 13.Ne5 Nhf6 14.b3 Nxe5 15.dxe5 Ng4
16.Bb2 Bc5 17.e3 Qg5 18.Re1 Qh5 19.h3 Nxe5 20.Nxd5 Nf3+ 21.Bxf3 Qxf3 22.Nc7 Bd6
23.Nxa8 c5 24.e4 Bxe4 25.Rxe4 fxe4 26.Qd2 e3 27.Qxe3 Qxe3 28.fxe3 Rxa8 29.Rd1 Rd8
30.Be5 Be7 31.Rxd8+ Bxd8 32.Kg2 Kf7 33.Kf3 g6 34.Ke4 Ke7 35.g4 Kd7 36.Bg3 Bf6
37.h4 h5 38.gxh5 gxh5 39.a4 a6 40.Be1 a5 41.Bg3 Kc6 42.Kf4 Kd6 43.Kf3+ e5
44.Ke4  1/2-1/2

[Event "TCh-SUI 2010"]
[Site "Switzerland SUI"]
[Date "2010.06.27"]
[Round "5.1"]
[White "Edouard,R"]
[Black "Jussupow,Ar"]
[Result "1-0"]
[WhiteElo "2608"]
[BlackElo "2573"]

1.d4 Nf6 2.c4 e6 3.Nf3 d5 4.Nc3 Nbd7 5.Bg5 Be7 6.e3 h6 7.Bh4 O-O 8.Rc1 dxc4
9.Bxc4 a6 10.a4 c5 11.O-O cxd4 12.exd4 b6 13.d5 Nxd5 14.Bxd5 exd5 15.Bxe7 Qxe7
16.Nxd5 Qd8 17.Rc6 Nc5 18.Nxb6 Rb8 19.b4 Qxd1 20.Rxd1 Ne6 21.Ne5 Bb7 22.Rcd6 Rfe8
23.Ned7 Rbd8 24.f3 Kh8 25.Kf1 Re7 26.Nc5 Rde8 27.Rd7 Nxc5 28.bxc5 a5 29.Rxe7 Rxe7
30.Kf2 Ba6 31.Re1 Rc7 32.Re8+ Kh7 33.Ra8 Rxc5 34.Rxa6 Rc6 35.Ke3 Rd6 36.Ke4 f6
37.g4 Kg6 38.h4 h5 39.gxh5+ Kh7 40.f4 Kh6 41.Ra8 Kxh5 42.Rxa5+ Kxh4 43.Nc4 Rd7
44.Rd5 Rc7 45.Ne3 Kg3 46.Rd3 Re7+ 47.Kf5 Ra7 48.Nd5+ Kh4 49.Ra3 Ra5 50.Ke4 f5+
51.Kd4 g5 52.fxg5 Kxg5 53.Ne3 f4 54.Nc4 Rf5 55.a5 f3 56.Nd2 Rf4+ 57.Ke3 f2
58.Ra1 Rf8 59.a6 Kf5 60.a7 Ra8 61.Kxf2  1-0

[Event "TCh-SUI 2010"]
[Site "Switzerland SUI"]
[Date "2010.08.28"]
[Round "6.3"]
[White "Jussupow,Ar"]
[Black "Volke,K"]
[Result "0-1"]
[WhiteElo "2573"]
[BlackElo "2414"]

1.d4 Nf6 2.Nf3 e6 3.e3 c5 4.Bd3 d5 5.b3 Nc6 6.O-O Qc7 7.c4 Be7 8.Bb2 O-O
9.cxd5 Nxd5 10.dxc5 Ncb4 11.Bc4 Qxc5 12.a3 Nc6 13.Nbd2 Nf6 14.Rc1 Qh5 15.Be2 Qf5
16.b4 Rd8 17.b5 Nb8 18.Nd4 Qg6 19.Nc4 Nbd7 20.f4 Nc5 21.Rf3 Qe4 22.Rg3 Bd7
23.Rc3 h6 24.Bf3 Qh7 25.Na5 Rab8 26.Rxc5 Bxc5 27.a4 e5 28.fxe5 Ne4 29.e6 Bxe6
30.Rxg7+ Qxg7 31.Bxe4 Qe5 32.Qd3 Rd7 33.h3 Bb6 34.Bc3 f5 35.Bf3 Rf8 36.Nc4 Qf6
37.Nxb6 axb6 38.Qe2 Bd5 39.Bxd5+ Rxd5 40.Qf3 Rc5 41.Bb4 Rc1+ 42.Kf2 Rf7 43.Qf4 Kh7
44.Bd6 Qg5 45.Qf3 Qh4+ 46.Bg3 Qe4 47.Qh5 Rf6 48.Bf4 Rg6 49.g4 fxg4 50.hxg4 Qh1
51.Qf5 Qh4+ 52.Kf3 Qh3+ 53.Ke4 Qg2+ 54.Kd3 Qxg4 55.Qd5 Qg2 56.Qb3 Qf1+ 57.Ke4 Qc4
58.Qa3 Qc5 59.Qa2 Rc4 60.Kd3 Rc3+ 61.Ke4 Qc4 62.Qb1 Rc1 63.Qb2 Rcg1 64.Qf2 Rg8
65.Be5 R1g4+ 66.Bf4 h5 67.Qe1 Re8+ 68.Kf3 Qd5+  0-1

[Event "Magistral Barcelona"]
[Site "Barcelona ESP"]
[Date "2010.11.08"]
[Round "5"]
[White "Cuartas,Ja"]
[Black "Jussupow,Ar"]
[Result "1/2-1/2"]
[WhiteElo "2534"]
[BlackElo "2589"]

1.d4 e6 2.Nf3 Nf6 3.e3 c5 4.Bd3 d5 5.c3 Nbd7 6.Nbd2 Bd6 7.O-O O-O 8.e4 cxd4
9.cxd4 dxe4 10.Nxe4 Be7 11.Bg5 b6 12.Nxf6+ Nxf6 13.Bxf6 Bxf6 14.Be4 Rb8 15.Qd3 h6
16.Rad1 Bb7 17.b3 Qd6 18.Rd2 Rfd8 19.Rfd1 Bxe4 20.Qxe4 Qd5 21.Qe3 Rbc8 22.g3 Rc7
23.Re1 Rcd7 24.Rc1 Qb7 25.Rc4 b5 26.Rcc2 a6 27.Rc5 Be7 28.Rcc2 Rd6 29.Rc3 Bf6
30.Rc5 Qd7 31.h4 Bxd4 32.Nxd4 Rxd4 33.Rxd4 Qxd4 34.Qxd4 Rxd4 35.Rc6 a5 36.Rc8+ Kh7
37.Rc5 Rd5 38.Rc7 Kg6 39.a3 f5 40.Ra7 b4 41.axb4 axb4 42.Rb7 Rd4 43.Kg2 Kf6
44.h5 e5 45.Kh3 e4 46.Kg2 Kg5 47.Rxg7+ Kxh5 48.Rb7 Kg5 49.Rg7+ Kh5 50.Rb7 Rd2
51.Rxb4 e3 52.Rf4 Kg5 53.Rf3 exf2 54.Rxf2 Rd4 55.Rc2 Rb4 56.Rc3 h5  1/2-1/2

[Event "Magistral Barcelona"]
[Site "Barcelona ESP"]
[Date "2010.11.09"]
[Round "6"]
[White "Inarkiev,E"]
[Black "Jussupow,Ar"]
[Result "1-0"]
[WhiteElo "2667"]
[BlackElo "2589"]

1.e4 e5 2.Nf3 Nf6 3.Nxe5 d6 4.Nc4 Nxe4 5.Nc3 Nxc3 6.bxc3 Nd7 7.d4 Nb6 8.Ne3 g6
9.c4 Bg7 10.c3 O-O 11.Be2 c5 12.O-O Be6 13.Bb2 Rc8 14.Qb3 Qh4 15.g3 Qe4 16.Rfe1 Bh3
17.Qd1 Rfe8 18.a4 a5 19.Bf3 Qe7 20.Qb3 Qc7 21.dxc5 dxc5 22.Rab1 Re6 23.Red1 Bh6
24.Bc1 Rce8 25.Bd2 Bxe3 26.Bxe3 Rxe3 27.fxe3 Rxe3 28.Qxb6 Qxb6 29.Rxb6 Rxf3
30.Rc1 Bd7 31.Rxb7 Bxa4 32.Ra7 Bb3 33.Rf1 Rxf1+ 34.Kxf1 Bxc4+ 35.Kf2 Be6
36.Rxa5 c4 37.Ke3 Kg7 38.Kf4 Kf6 39.g4 h6 40.h4 Ke7 41.g5 hxg5+ 42.hxg5 Kd6
43.Ke4 Bf5+ 44.Kd4 Be6 45.Ra6+ Kd7 46.Ke5  1-0

[Event "European Rapid Championship"]
[Site "Warsaw POL"]
[Date "2010.12.18"]
[Round "2"]
[White "Jussupow,Ar"]
[Black "Erdelyi,T"]
[Result "1-0"]
[WhiteElo "2589"]
[BlackElo "2164"]

1.d4 Nf6 2.Nf3 c5 3.d5 g6 4.Nc3 Bg7 5.e4 d6 6.Be2 O-O 7.O-O Bg4 8.h3 Bxf3
9.Bxf3 Nbd7 10.Bf4 Ne8 11.Qd2 Nc7 12.a4 Re8 13.Rfe1 b6 14.Be2 a6 15.Bh6 Bd4
16.h4 Rb8 17.Nd1 b5 18.axb5 axb5 19.c3 Bh8 20.h5 c4 21.Qf4 Be5 22.Qf3 e6
23.Ne3 exd5 24.exd5 Ra8 25.Ng4 Bh8 26.Bf4 Qe7 27.Bf1 Be5 28.Rxa8 Rxa8 29.Nh6+ Kg7
30.Qg4 Kh8 31.Bxe5+ Nxe5 32.Rxe5 dxe5 33.d6 Qe6 34.dxc7 Qxg4 35.Nxg4 Rc8
36.Nxe5 Rxc7 37.hxg6 hxg6 38.Nf3 Kg7 39.Nd4 Rc5 40.f4 Kf6 41.Kf2 Ke7 42.Ke3 Kd7
43.g4 Kc7 44.g5 Kb6 45.Bg2 Rc8 46.Bd5 Re8+ 47.Kd2 Re7  1-0

[Event "European Rapid Championship"]
[Site "Warsaw POL"]
[Date "2010.12.18"]
[Round "3"]
[White "Borsos,B"]
[Black "Jussupow,Ar"]
[Result "0-1"]
[WhiteElo "2316"]
[BlackElo "2589"]

1.e4 e6 2.d4 d5 3.exd5 exd5 4.Nf3 Bd6 5.c4 c6 6.Nc3 Ne7 7.Bd3 dxc4 8.Bxc4 O-O
9.O-O Bg4 10.Re1 Nd7 11.Ne4 Nb6 12.Bb3 Bb4 13.Bd2 Bxd2 14.Nexd2 Nbd5 15.h3 Bh5
16.Re5 Nf4 17.g3 Nxh3+ 18.Kg2 Bg4 19.Qe1 Ng6 20.Re4 Bf5 21.Re3 Ng5 22.Rd1 Bh3+
23.Kh2 Bg4 24.Nxg5 Qxg5 25.f3 Bf5 26.Ne4 Bxe4 27.Rxe4 Rad8 28.a4 h5 29.Qe3 Qf6
30.Rd2 c5 31.d5 h4 32.g4 Qd6+ 33.Kg1 Rd7 34.f4 Re7 35.Rxe7 Nxe7 36.Qe5 Rd8
37.Re2 Ng6 38.Qxd6 Rxd6 39.f5 Nf4 40.Re8+ Kh7 41.Re7 Rb6 42.Bc4 Rxb2 43.f6 gxf6
44.d6 Rd2 45.Bxf7 Rxd6 46.Bd5+ Kh6 47.Bxb7 h3 48.Kh2 c4 49.Rc7 Rd4 50.Kg3 c3
51.Bf3 Rxa4 52.Rxc3 Ng6 53.Kxh3 Ne5 54.Kg3 Kg5 55.Be2 Nxg4 56.Rc7 Ra3+ 57.Kg2 Ne5
58.Kf2 Kf4 59.Rb7 a5 60.Rh7 f5 61.Rd7 Ke4 62.Rh7 Ra2 63.Kf1 f4 64.Re7 a4
65.Re8 a3 66.Re7 Kd4 67.Bh5 Rh2 68.Bd1 f3 69.Bb3 Rb2 70.Bg8 a2  0-1

[Event "TCh-SUI 2011"]
[Site "Switzerland SUI"]
[Date "2011.02.27"]
[Round "1.2"]
[White "Jussupow,Ar"]
[Black "Ekstroem,R"]
[Result "1/2-1/2"]
[WhiteElo "2576"]
[BlackElo "2490"]

1.d4 e6 2.Nf3 c5 3.e3 d5 4.b3 Nf6 5.Bd3 Nc6 6.O-O Bd6 7.Bb2 O-O 8.Nbd2 b6
9.Ne5 Bb7 10.a3 Rc8 11.f4 Ne7 12.Qe2 Ne4 13.Nxe4 dxe4 14.Bc4 Qc7 15.dxc5 Bxc5
16.b4 Bd6 17.Bb3 a5 18.Rfd1 Ng6 19.Nxg6 hxg6 20.Rd4 Rfd8 21.Rad1 Be7 22.Rxd8+ Rxd8
23.Be5 Qc8 24.Rd4 axb4 25.axb4 Rxd4 26.Bxd4 Bxb4 27.Bxb6 Bc5 28.Bxc5 Qxc5
29.Qd2 g5 30.Kf2 gxf4 31.Qd8+ Kh7 32.Qh4+ Kg8 33.Qd8+ Kh7 34.Qh4+ Kg8  1/2-1/2

[Event "TCh-SUI 2011"]
[Site "Switzerland SUI"]
[Date "2011.03.20"]
[Round "2.2"]
[White "Sermier,G"]
[Black "Jussupow,Ar"]
[Result "1/2-1/2"]
[WhiteElo "2421"]
[BlackElo "2576"]

1.e4 e5 2.Nf3 Nc6 3.d4 exd4 4.Nxd4 Nf6 5.Nxc6 bxc6 6.e5 Qe7 7.Qe2 Nd5 8.c4 Nb6
9.Nc3 a5 10.Qe4 Ba6 11.Bd2 Qe6 12.b3 g6 13.Bd3 Bg7 14.O-O O-O 15.Rae1 d5
16.exd6 Qxd6 17.Nb1 a4 18.Bf4 Qd7 19.Bc2 axb3 20.axb3 Bb7 21.Rd1 Qc8 22.Qf3 Nd7
23.Qg3 c5 24.Bxc7 Re8 25.Bf4 Nf6 26.Be3 Nh5 27.Qd6 Ra2 28.Rd2 Bxg2 29.Kxg2 Qg4+
30.Kh1 Qf3+ 31.Kg1 Qg4+ 32.Kh1 Qf3+ 33.Kg1 Rxc2 34.Rxc2 Qg4+ 35.Kh1 Qf3+
36.Kg1 Qg4+ 37.Kh1 Qe4+ 38.Kg1 Qxc2 39.Qxc5 Nf6 40.Nd2 h5 41.h3 Bf8 42.Qc6 Re6
43.Qb7 Rxe3 44.fxe3 Qxd2 45.Rxf6 Qxe3+ 46.Rf2 Qg3+ 47.Qg2 Qxb3 48.Qd5 Qg3+
49.Kf1 Qc7 50.Kg2 h4 51.Rf3 Bc5 52.Rxf7 Qg3+ 53.Kf1 Qxh3+ 54.Ke2 Qe3+ 55.Kf1 Qc1+
56.Ke2 Qc2+ 57.Kf1 Qc1+ 58.Ke2 Qc2+ 59.Kf1  1/2-1/2